| Tag |
First Indicator |
Second Indicator |
Subfields |
| LEADER |
00000cam a22000001a 4500 |
| 001 |
in00002145849 |
| 006 |
m e d # |
| 007 |
cr mn mmmmabba |
| 008 |
870330s1780 mdu s s000 0 eng d |
| 005 |
20260331153246.2 |
| 035 |
|
|
|z w002135
|
| 035 |
|
|
|a MAAR8703301364B
|
| 035 |
|
|
|9 mwa91-3514
|
| 035 |
|
|
|a 321516
|
| 035 |
|
|
|a aas03002135
|
| 040 |
|
|
|a MWA
|c MWA
|e bdrb
|d UtOrBLW
|
| 110 |
1 |
|
|a Maryland.
|b General Assembly.
|b House of Delegates.
|
| 245 |
1 |
0 |
|a Votes and proceedings of the House of Delegates of the state of Maryland :
|b March session, 1780. Being the second session of this Assembly.
|
| 264 |
|
3 |
|a [Annapolis] :
|b [Printed by Frederick Green],
|c [1780]
|
| 300 |
|
|
|a pages 1 unnumbered page, 90-183 pages, 1 unnumbered page ;
|c (folio)
|
| 336 |
|
|
|a text
|b txt
|2 rdacontent
|
| 337 |
|
|
|a computer
|b c
|2 rdamedia
|
| 338 |
|
|
|a online resource
|b cr
|2 rdacarrier
|
| 500 |
|
|
|a Caption title.
|
| 500 |
|
|
|a Imprint supplied by Wheeler.
|
| 500 |
|
|
|a Pagination continues that of the Votes and proceedings of the first session (Evans 16831).
|
| 510 |
4 |
|
|a Evans
|c 16831
|
| 510 |
4 |
|
|a Wheeler, J.T. Maryland,
|c 98
|
| 530 |
|
|
|a Microform version available in the Readex Early American Imprints series.
|
| 533 |
|
|
|a Electronic text and image data.
|b [Chester, Vt. :
|c Readex, a division of Newsbank, Inc.,
|d 2002-2004.
|e Includes files in TIFF, GIF and PDF formats with inclusion of keyword searchable text.
|f (Early American imprints. First series ; no. 16831).
|
| 500 |
|
|
|a Electronic resource.
|
| 752 |
|
|
|a United States
|b Maryland
|d Annapolis.
|
| 830 |
|
0 |
|a Early American imprints.
|n Series I,
|p Evans (1639-1800) ;
|v no. 16831.
|
| 856 |
4 |
1 |
|u http://proxy.library.tamu.edu/login?url=https://opac.newsbank.com/select/evans/16831
|y Evans Digital Edition
|t 0
|
| 999 |
|
|
|a MARS
|
| 999 |
f |
f |
|s dda85c00-3b15-3ae8-b1a7-877a95b41670
|i a2c0889d-41d9-3dcf-9683-8129f85cf54b
|t 0
|
| 952 |
f |
f |
|a Texas A&M University
|b College Station
|c Electronic Resources
|s www_evans
|d Available Online
|t 0
|h No information provided
|
| 998 |
f |
f |
|t 0
|l Available Online
|